[Event "30.Schlosspark-Open"]
[Site "Wiesbaden-Biebrich"]
[Date "2018.08.25"]
[Round "5.3"]
[White "Ruppert, Wolfgang"]
[Black "Milov, Leonid"]
[Result "1/2-1/2"]
[WhiteElo "2140"]
[BlackElo "2469"]
[PlyCount "42"]
[EventDate "2018.??.??"]
[WhiteTeam "SC Flörsheim"]
[BlackTeam "SC Noris-Tarrasch Nürnberg"]

1. e4 c5 2. Nf3 e6 3. d4 cxd4 4. Nxd4 Nc6 5. Nc3 Qc7 6. f4 a6 7. Nxc6 Qxc6 8.
Bd3 b5 9. Qe2 Bb7 10. Bd2 Rc8 11. O-O Bc5+ 12. Kh1 Ne7 13. a3 O-O 14. e5 Nf5
15. Ne4 Be7 16. Qh5 f6 17. Qh3 fxe5 18. fxe5 h6 19. Qg4 Rf7 20. Rf3 Rcf8 21.
Raf1 Qd5 1/2-1/2

[Event "30.Schlosspark-Open"]
[Site "Wiesbaden-Biebrich"]
[Date "2018.08.25"]
[Round "5.5"]
[White "Inkiov, Ventzislav"]
[Black "Haag, Martin"]
[Result "1/2-1/2"]
[WhiteElo "2425"]
[BlackElo "2229"]
[PlyCount "114"]
[EventDate "2018.??.??"]
[WhiteTeam "SK Ã–tigheim"]
[BlackTeam "SC Bonn Beuel"]

1. d4 d6 2. e4 Nf6 3. Nc3 e5 4. Nf3 exd4 5. Nxd4 Be7 6. g3 O-O 7. Bg2 Re8 8.
O-O Nbd7 9. g4 Nc5 10. g5 Nfd7 11. f4 a5 12. Be3 Bf8 13. Ndb5 Na6 14. Qd2 Ndc5
15. a4 c6 16. Nd4 Nb4 17. Qf2 Qc7 18. Rae1 b6 19. Qh4 Ne6 20. Nxe6 fxe6 21. Qf2
Rb8 22. Kh1 Ba6 23. Rg1 d5 24. f5 exf5 25. exf5 Rxe3 26. Qxe3 Bc5 27. Qe6+ Qf7
28. Qe5 Rf8 29. g6 Qd7 30. f6 gxf6 31. Qh5 Bxg1 32. Bh3 Qg7 33. Rxg1 Kh8 34.
Bf5 h6 35. Re1 Bc8 36. Bxc8 Rxc8 37. Qf5 Rg8 38. Rg1 Qe7 39. Ne2 Qe5 40. Ng3
Re8 41. g7+ Kxg7 42. Nh5+ Kh8 43. Qg6 Qe4+ 44. Qxe4 dxe4 45. Nxf6 Rf8 46. Nxe4
Nxc2 47. Rg6 Nb4 48. Rxh6+ Kg7 49. Re6 Rf3 50. Kg2 Rb3 51. h4 Nd5 52. Rxc6
Rxb2+ 53. Kf3 Rb3+ 54. Kg4 Rb4 55. Kf3 Rb3+ 56. Kg4 Rb4 57. Kf3 Rb3+ 1/2-1/2

[Event "30.Schlosspark-Open"]
[Site "Wiesbaden-Biebrich"]
[Date "2018.08.25"]
[Round "5.6"]
[White "Muckle, Julius"]
[Black "Jahnel, Guenther"]
[Result "1-0"]
[WhiteElo "2326"]
[BlackElo "2195"]
[PlyCount "77"]
[EventDate "2018.??.??"]
[WhiteTeam "SK Ludwigshafen"]
[BlackTeam "FVS ASP Hoyerswerda"]

1. d4 Nf6 2. c4 c5 3. d5 b5 4. cxb5 a6 5. bxa6 Bxa6 6. Nc3 g6 7. e4 Bxf1 8.
Kxf1 d6 9. Nf3 Bg7 10. g3 O-O 11. Kg2 Qb6 12. a4 Na6 13. Qe2 Rfb8 14. Nd2 Nc7
15. Nc4 Qa6 16. Bg5 Rb4 17. Nb5 Qb7 18. Nxc7 Qxc7 19. a5 e6 20. Bd2 Rbb8 21.
Nb6 Ra7 22. Bc3 Re8 23. Qf3 Nd7 24. Bxg7 Kxg7 25. dxe6 fxe6 26. Rhd1 Ne5 27.
Qc3 Kg8 28. Nc4 Nf7 29. Ne3 Rb8 30. Ng4 e5 31. Nf6+ Kg7 32. Nd5 Qd7 33. h4 Rb5
34. Ra3 Qd8 35. Nb6 Rb4 36. Nc4 Qf6 37. Nxd6 Nxd6 38. Qxc5 Rf7 39. Rxd6 1-0

[Event "30.Schlosspark-Open"]
[Site "Wiesbaden-Biebrich"]
[Date "2018.08.25"]
[Round "5.7"]
[White "Koellner, Ruben Gideon"]
[Black "Pauls, Wilhelm"]
[Result "1-0"]
[WhiteElo "2253"]
[BlackElo "1981"]
[PlyCount "81"]
[EventDate "2018.??.??"]
[WhiteTeam "SG Bochum"]
[BlackTeam "SG Kaarst"]

1. d4 Nf6 2. Bg5 e6 3. Nd2 Be7 4. e3 b6 5. Ngf3 Bb7 6. Bd3 h6 7. Bxf6 Bxf6 8.
Qe2 c5 9. c3 d5 10. Ne5 Bxe5 11. dxe5 Qc7 12. f4 Nd7 13. O-O O-O-O 14. b4 c4
15. Bc2 f6 16. exf6 gxf6 17. e4 Rhg8 18. Qe3 f5 19. exd5 Bxd5 20. g3 Nf6 21.
Nf3 Ng4 22. Qe2 h5 23. Ne5 h4 24. Nxg4 hxg3 25. h3 fxg4 26. hxg4 Rh8 27. Be4
Rh2 28. Qf3 Bxe4 29. Qxe4 Rdd2 30. Qa8+ Kd7 31. Rad1 b5 32. Rxd2+ Rxd2 33. Qf8
Qb6+ 34. Qc5 Qxc5+ 35. bxc5 Rxa2 36. g5 Ke7 37. Rb1 a6 38. Rd1 Rf2 39. c6 Rxf4
40. c7 Rf8 41. g6 1-0

[Event "30.Schlosspark-Open"]
[Site "Wiesbaden-Biebrich"]
[Date "2018.08.25"]
[Round "5.8"]
[White "Carow, Johannes"]
[Black "Bischoff, Ulrich"]
[Result "1-0"]
[WhiteElo "2445"]
[BlackElo "2057"]
[PlyCount "35"]
[EventDate "2018.??.??"]
[WhiteTeam "SF Heidesheim"]
[BlackTeam "Sfr. Erbach"]

1. d4 d5 2. c4 e6 3. Nc3 Nf6 4. cxd5 exd5 5. Bg5 Be7 6. e3 c6 7. Qc2 Nh5 8.
Bxe7 Qxe7 9. Nxd5 Qd8 10. Nc3 Be6 11. Nf3 Nd7 12. Bd3 g6 13. h3 Qa5 14. O-O Nb6
15. Ne4 O-O-O 16. Nc5 Ng7 17. Ne5 Rhf8 18. Ba6 1-0

[Event "30.Schlosspark-Open"]
[Site "Wiesbaden-Biebrich"]
[Date "2018.08.25"]
[Round "5.9"]
[White "Held, Carsten"]
[Black "Euler, Gerd"]
[Result "1-0"]
[WhiteElo "2070"]
[BlackElo "2301"]
[PlyCount "90"]
[EventDate "2018.??.??"]
[WhiteTeam "SC Ladja Roßdorf"]
[BlackTeam "SSG Hungen-Lich"]

1. Nf3 f5 2. g3 Nf6 3. c4 g6 4. Nc3 Bg7 5. Bg2 O-O 6. O-O d6 7. d3 Nc6 8. Rb1
a5 9. a3 Nh5 10. Bd2 f4 11. b4 axb4 12. axb4 Bg4 13. b5 Nd4 14. e3 Nxf3+ 15.
Bxf3 Bh3 16. exf4 Bxf1 17. Kxf1 Ra3 18. Rc1 e5 19. Bxh5 gxh5 20. Qxh5 exf4 21.
Qd5+ Kh8 22. Nb1 fxg3 23. hxg3 c6 24. bxc6 Qb6 25. c5 Qb5 26. Nxa3 Qb2 27. Nc4
Qf6 28. Be3 bxc6 29. Qxc6 Qe6 30. Kg2 h5 31. Rh1 h4 32. Rxh4+ Kg8 33. Qe4 Qxe4+
34. dxe4 Bd4 35. Bxd4 dxc5 36. Rh8+ Kf7 37. Rxf8+ Ke6 38. Bxc5 Kd7 39. Rf6 Ke8
40. g4 Kd7 41. g5 Ke8 42. g6 Kd7 43. g7 Kc7 44. g8=R Kd7 45. Rg7+ Ke8 1-0

[Event "30.Schlosspark-Open"]
[Site "Wiesbaden-Biebrich"]
[Date "2018.08.25"]
[Round "5.10"]
[White "Frey, Thomas"]
[Black "Henrich, Thomas"]
[Result "0-1"]
[WhiteElo "2051"]
[BlackElo "2193"]
[PlyCount "36"]
[EventDate "2018.??.??"]
[WhiteTeam "SV Reutlingen"]
[BlackTeam "SK Marburg"]

1. d4 Nf6 2. c4 g6 3. f3 c5 4. d5 b5 5. cxb5 a6 6. e4 d6 7. Bd2 Bg7 8. Bc3 O-O
9. bxa6 Bxa6 10. Nd2 e6 11. Bc4 exd5 12. Bxd5 Nxd5 13. exd5 Re8+ 14. Kf2 Bxc3
15. bxc3 Qf6 16. Qc2 Nd7 17. Ne4 Qe5 18. g3 f5 0-1

[Event "30.Schlosspark-Open"]
[Site "Wiesbaden-Biebrich"]
[Date "2018.08.25"]
[Round "5.11"]
[White "Jansen, Dirk Norbert"]
[Black "Reitz, Philipp"]
[Result "1/2-1/2"]
[WhiteElo "2190"]
[BlackElo "2037"]
[PlyCount "67"]
[EventDate "2018.??.??"]
[WhiteTeam "SV Weidenau/Geisweid"]
[BlackTeam "VfR-SC Koblenz"]

1. e4 c5 2. Nf3 e6 3. d4 cxd4 4. Nxd4 Nc6 5. Nc3 Qc7 6. g3 a6 7. Bg2 Nf6 8. O-O
Nxd4 9. Qxd4 Bc5 10. Bf4 d6 11. Qd2 h6 12. a3 e5 13. Be3 Be6 14. h3 Bxe3 15.
Qxe3 O-O 16. f4 Qc5 17. Qxc5 dxc5 18. f5 Bc4 19. Rfd1 Rad8 20. b3 Bb5 21. Nd5
Nxd5 22. exd5 Bd7 23. Be4 b5 24. Kf2 g6 25. fxg6 fxg6+ 26. Ke3 Bf5 27. Rf1 h5
28. g4 hxg4 29. hxg4 Bxe4 30. Kxe4 Rf4+ 31. Kxe5 Rd4 32. Kf6 Rd6+ 33. Ke7 R4xd5
34. Rf8+ 1/2-1/2

[Event "30.Schlosspark-Open"]
[Site "Wiesbaden-Biebrich"]
[Date "2018.08.25"]
[Round "5.12"]
[White "Stork, Oliver"]
[Black "Moes, Waldemar"]
[Result "1-0"]
[WhiteElo "2175"]
[BlackElo "2015"]
[PlyCount "33"]
[EventDate "2018.??.??"]
[WhiteTeam "SV Oberursel"]
[BlackTeam "Zukertort Amsterdam"]

1. c4 e6 2. Nf3 d5 3. b3 d4 4. e3 c5 5. g3 Nc6 6. exd4 cxd4 7. Bg2 Nf6 8. O-O
Bd6 9. d3 h6 10. Bb2 e5 11. b4 O-O 12. a3 Bf5 13. Re1 Re8 14. Qb3 e4 15. dxe4
Nxe4 16. Nbd2 Qb6 17. c5 1-0

[Event "30.Schlosspark-Open"]
[Site "Wiesbaden-Biebrich"]
[Date "2018.08.25"]
[Round "5.13"]
[White "Hermannsdoerfer, Frank"]
[Black "Berberich, Christoph"]
[Result "1-0"]
[WhiteElo "2157"]
[BlackElo "2002"]
[PlyCount "57"]
[EventDate "2018.??.??"]
[WhiteTeam "SV Liebschwitz"]
[BlackTeam "SGEM Dreisamtal"]

1. b3 e5 2. Bb2 Nc6 3. e3 Nf6 4. Bb5 Bd6 5. Na3 a6 6. Bxc6 dxc6 7. Nc4 e4 8.
Ne2 Bg4 9. h3 Bxe2 10. Qxe2 Qe7 11. f4 h5 12. g3 O-O-O 13. O-O-O Qe6 14. Nxd6+
Rxd6 15. g4 hxg4 16. hxg4 Rxh1 17. Rxh1 Qxg4 18. Qxg4+ Nxg4 19. Bxg7 Rg6 20.
Rh8+ Kd7 21. Bc3 Nf2 22. Bd4 Rg1+ 23. Kb2 Nd1+ 24. Ka3 Rg2 25. Rf8 Rxd2 26.
Rxf7+ Kd8 27. Rf8+ Kd7 28. Bf6 Ke6 29. f5+ 1-0

[Event "30.Schlosspark-Open"]
[Site "Wiesbaden-Biebrich"]
[Date "2018.08.25"]
[Round "5.15"]
[White "Eveleens, Wim"]
[Black "Engel, Berthold"]
[Result "1/2-1/2"]
[WhiteElo "1997"]
[BlackElo "2146"]
[PlyCount "69"]
[EventDate "2018.??.??"]
[WhiteTeam "Sandport"]
[BlackTeam "BG Buchen"]

1. c4 e5 2. g3 c6 3. d4 Bb4+ 4. Bd2 Bxd2+ 5. Qxd2 d6 6. Bg2 Qe7 7. Nc3 Nf6 8.
e3 O-O 9. Nge2 Re8 10. h3 Nbd7 11. O-O Nf8 12. Rae1 e4 13. g4 d5 14. cxd5 cxd5
15. Nf4 Rd8 16. f3 g5 17. Nfe2 exf3 18. Rxf3 Be6 19. Ng3 Ng6 20. Ref1 Ne8 21.
Nf5 Qd7 22. Nh6+ Kg7 23. Nxf7 Bxf7 24. Rxf7+ Qxf7 25. Rxf7+ Kxf7 26. Bxd5+ Kg7
27. Bg2 Nd6 28. d5 Re8 29. Qd4+ Kh6 30. Ne2 b6 31. Ng3 Re5 32. Nh5 Rf8 33. Qb4
Rd8 34. Qc3 Ne8 35. Ng3 1/2-1/2

[Event "30.Schlosspark-Open"]
[Site "Wiesbaden-Biebrich"]
[Date "2018.08.25"]
[Round "5.16"]
[White "Weber, Samuel"]
[Black "Bremer, Vincent"]
[Result "1-0"]
[WhiteElo "2133"]
[BlackElo "1968"]
[PlyCount "67"]
[EventDate "2018.??.??"]
[WhiteTeam "SV Oberursel"]
[BlackTeam "SC Lerchenberg/ZMO"]

1. Nf3 c5 2. g3 Nc6 3. Bg2 g6 4. O-O Bg7 5. d3 e6 6. e4 d5 7. Nbd2 Nge7 8. Re1
O-O 9. c3 d4 10. cxd4 Nxd4 11. Nxd4 cxd4 12. e5 Nc6 13. Nc4 f6 14. exf6 Qxf6
15. Qe2 e5 16. b4 Bg4 17. Qf1 a6 18. Ba3 b5 19. Nd2 Rac8 20. Rac1 Ne7 21. Rc5
Rxc5 22. bxc5 Bf5 23. f4 exf4 24. c6 Rf7 25. Qxf4 Bxd3 26. Qxf6 Bxf6 27. c7 Bf5
28. Ne4 Nc8 29. Nxf6+ Rxf6 30. Bd5+ Kg7 31. Bc5 Kh6 32. Rf1 Kg5 33. h4+ Kg4 34.
Kg2 1-0

[Event "30.Schlosspark-Open"]
[Site "Wiesbaden-Biebrich"]
[Date "2018.08.25"]
[Round "5.17"]
[White "Puschendorf, Steffen"]
[Black "Geltz, Noah"]
[Result "1-0"]
[WhiteElo "2118"]
[BlackElo "1931"]
[PlyCount "43"]
[EventDate "2018.??.??"]
[WhiteTeam "ESV Gera"]
[BlackTeam "SF HN-Biberach"]

1. d4 Nf6 2. c4 e6 3. g3 d5 4. Nf3 dxc4 5. Bg2 Nbd7 6. O-O Be7 7. Nbd2 Nb6 8.
Nxc4 Nxc4 9. Qa4+ c6 10. Qxc4 O-O 11. b3 Qd5 12. Ne5 Qxc4 13. Nxc4 Rd8 14. Bb2
Bd7 15. Rfd1 Rac8 16. e4 Rc7 17. Ne3 Bc8 18. Rac1 Rcd7 19. d5 exd5 20. exd5
Nxd5 21. Nxd5 cxd5 22. Bh3 1-0

[Event "30.Schlosspark-Open"]
[Site "Wiesbaden-Biebrich"]
[Date "2018.08.25"]
[Round "5.18"]
[White "Gentner, Markus"]
[Black "Koellner, Christof"]
[Result "0-1"]
[WhiteElo "1953"]
[BlackElo "2111"]
[PlyCount "70"]
[EventDate "2018.??.??"]
[WhiteTeam "SC Murrhardt"]
[BlackTeam "SV Bergneustadt/Derschlag"]

1. Nf3 Nf6 2. c4 e6 3. g3 b6 4. Bg2 Bb7 5. O-O Be7 6. b3 c5 7. Bb2 O-O 8. Nc3
Nc6 9. d4 cxd4 10. Nb5 a6 11. Nbxd4 Qc7 12. Rc1 Rac8 13. a3 Qb8 14. Rc2 Rfd8
15. Qa1 d6 16. Rfc1 Ba8 17. Nxc6 Bxc6 18. Ne1 Bxg2 19. Kxg2 Qb7+ 20. Nf3 Qe4
21. Bd4 Rc6 22. Kg1 e5 23. Be3 Qf5 24. Bg5 b5 25. Qa2 Rdc8 26. Bxf6 Bxf6 27.
Nd2 d5 28. e4 dxe4 29. cxb5 Rxc2 30. Rxc2 e3 31. Rxc8+ Qxc8 32. fxe3 axb5 33.
Ne4 Qc1+ 34. Kg2 Be7 35. a4 Qc6 0-1

[Event "30.Schlosspark-Open"]
[Site "Wiesbaden-Biebrich"]
[Date "2018.08.25"]
[Round "5.20"]
[White "Li, Maxim"]
[Black "Gries, Volker"]
[Result "1/2-1/2"]
[WhiteElo "1851"]
[BlackElo "2071"]
[PlyCount "34"]
[EventDate "2018.??.??"]
[WhiteTeam "Wiesbadener SV"]
[BlackTeam "SV Oberursel"]

1. e4 d6 2. d4 Nf6 3. Nc3 g6 4. f4 Bg7 5. Nf3 O-O 6. Bd3 Nc6 7. e5 dxe5 8. fxe5
Nh5 9. Be3 Bg4 10. Be2 f5 11. Ng5 Bxe2 12. Nxe2 Qd5 13. Rg1 f4 14. Bf2 Bh6 15.
Nc3 Qc4 16. Nf3 Rad8 17. Qe2 Qxe2+ 1/2-1/2

[Event "30.Schlosspark-Open"]
[Site "Wiesbaden-Biebrich"]
[Date "2018.08.25"]
[Round "5.21"]
[White "Cichy, Michael"]
[Black "Neukirchner, Pascal"]
[Result "0-1"]
[WhiteElo "2036"]
[BlackElo "2303"]
[PlyCount "62"]
[EventDate "2018.??.??"]
[WhiteTeam "SC BS Gliesmarode"]
[BlackTeam "SK Gründau"]

1. d4 Nf6 2. Nf3 c5 3. d5 b5 4. Bg5 d6 5. Bxf6 exf6 6. e4 a6 7. a4 b4 8. Nbd2
Be7 9. Bd3 O-O 10. O-O Re8 11. c3 a5 12. Re1 Ba6 13. Bxa6 Rxa6 14. Nc4 Nd7 15.
Qd3 Ra8 16. Nfd2 Bf8 17. h3 g6 18. g3 Ne5 19. Nxe5 fxe5 20. Nc4 Qg5 21. Kg2 f5
22. f3 f4 23. g4 Qh4 24. Rh1 Reb8 25. Qe2 bxc3 26. bxc3 Rb3 27. Rac1 Qg3+ 28.
Kf1 Rab8 29. Qf2 Rxc3 30. Qxg3 Rxc1+ 31. Kg2 Rxh1 0-1

[Event "30.Schlosspark-Open"]
[Site "Wiesbaden-Biebrich"]
[Date "2018.08.25"]
[Round "5.22"]
[White "Dietze, Frank"]
[Black "Doeserich, Juergen"]
[Result "1-0"]
[WhiteElo "2203"]
[BlackElo "2033"]
[PlyCount "79"]
[EventDate "2018.??.??"]
[WhiteTeam "vereinslos"]
[BlackTeam "Schw. Pumpe Freiburg"]

1. d4 d5 2. c4 e6 3. Nf3 c6 4. Nc3 dxc4 5. a4 Bb4 6. e4 b5 7. Bg5 Ne7 8. Be2
Bb7 9. O-O a6 10. Qc2 O-O 11. Rfd1 Qc7 12. Bh4 Ng6 13. Bg3 Qb6 14. h4 Re8 15.
h5 Nf8 16. h6 g6 17. Be5 Nbd7 18. Bg7 Rad8 19. e5 c5 20. Na2 Ba5 21. dxc5 Nxc5
22. axb5 axb5 23. Ng5 Nb3 24. Rxd8 Rxd8 25. Rd1 Rxd1+ 26. Bxd1 Nd7 27. Bf3 Ndc5
28. Nc3 Bxf3 29. gxf3 Bxc3 30. bxc3 Qd8 31. Ne4 Nxe4 32. Qxe4 Qd5 33. Qe3 Nc5
34. Bf6 Kf8 35. Bh4 Nd7 36. Qa7 g5 37. Bxg5 Qxf3 38. Bh4 Qd1+ 39. Kh2 f6 40.
Qa8+ 1-0

[Event "30.Schlosspark-Open"]
[Site "Wiesbaden-Biebrich"]
[Date "2018.08.25"]
[Round "5.23"]
[White "Dzierzenga, Stefan"]
[Black "Martin, Reiner"]
[Result "1-0"]
[WhiteElo "2196"]
[BlackElo "2006"]
[PlyCount "33"]
[EventDate "2018.??.??"]
[WhiteTeam "SC Bonn Beuel"]
[BlackTeam "SC Bad Soden"]

1. e4 c5 2. Nf3 e6 3. d4 cxd4 4. Nxd4 a6 5. Nc3 Qc7 6. g3 b5 7. Bg2 Bb7 8. O-O
d6 9. f4 Nf6 10. a3 Nbd7 11. Nb3 Rd8 12. Qe2 Nb6 13. Na5 Ba8 14. Be3 Be7 15. a4
b4 16. Qxa6 Nbd7 17. Nb5 1-0

[Event "30.Schlosspark-Open"]
[Site "Wiesbaden-Biebrich"]
[Date "2018.08.25"]
[Round "5.24"]
[White "Kropp, Volker"]
[Black "Tischendorf, Michael"]
[Result "1/2-1/2"]
[WhiteElo "1998"]
[BlackElo "2177"]
[PlyCount "51"]
[EventDate "2018.??.??"]
[WhiteTeam "SV Mainz-Mombach"]
[BlackTeam "SV Hofheim"]

1. d4 Nf6 2. Nf3 d6 3. g3 Nbd7 4. Bg2 e5 5. dxe5 dxe5 6. O-O Be7 7. Bg5 O-O 8.
Nc3 c6 9. Bxf6 Bxf6 10. Nd2 Nb6 11. a4 Be6 12. a5 Nd5 13. Nce4 Be7 14. Nb3 Qc7
15. Nec5 Bg4 16. h3 Bh5 17. g4 Bg6 18. e3 Rad8 19. Qe2 b6 20. axb6 axb6 21. Ne4
f5 22. gxf5 Bxf5 23. Ng3 Bg6 24. Ra4 Nb4 25. Rxb4 Bxb4 26. Qc4+ 1/2-1/2

[Event "30.Schlosspark-Open"]
[Site "Wiesbaden-Biebrich"]
[Date "2018.08.25"]
[Round "5.25"]
[White "Ernst, Michael"]
[Black "Rutsatz, Mario"]
[Result "1-0"]
[WhiteElo "2145"]
[BlackElo "1999"]
[PlyCount "57"]
[EventDate "2018.??.??"]
[WhiteTeam "Pöchlarn"]
[BlackTeam "SF Frankfurt"]

1. d4 Nf6 2. Bf4 d5 3. e3 c5 4. c3 Qb6 5. Qb3 Nc6 6. Nd2 Bf5 7. dxc5 Qxb3 8.
axb3 e5 9. Bg3 Bxc5 10. Ngf3 Nd7 11. b4 Bd6 12. Nd4 Nxd4 13. exd4 O-O 14. Nf3
Rfe8 15. Kd2 a6 16. Be2 f6 17. Rhe1 Rad8 18. b5 axb5 19. Bxb5 Be4 20. Ra7 Re6
21. Rxb7 Nf8 22. dxe5 Bxe5 23. Nxe5 fxe5 24. f3 Bg6 25. Bxe5 Bf7 26. Bd4 Rxe1
27. Kxe1 Ne6 28. Be5 Nc5 29. Rb8 1-0

[Event "30.Schlosspark-Open"]
[Site "Wiesbaden-Biebrich"]
[Date "2018.08.25"]
[Round "5.26"]
[White "Triantafillidis, Simeon"]
[Black "Gundlach, Michael"]
[Result "0-1"]
[WhiteElo "1972"]
[BlackElo "2132"]
[PlyCount "44"]
[EventDate "2018.??.??"]
[WhiteTeam "SF HN-Biberach"]
[BlackTeam "SF Mainz"]

1. e4 d6 2. d4 Nf6 3. Nc3 e5 4. Nf3 Nbd7 5. Bc4 Be7 6. Be3 O-O 7. h3 c6 8. O-O
b5 9. Bd3 Bb7 10. Ne2 a6 11. c3 Re8 12. Ng3 Bf8 13. Nd2 Qc7 14. f4 exd4 15.
cxd4 c5 16. Rc1 Rad8 17. d5 Bxd5 18. Bxc5 dxc5 19. exd5 Nxd5 20. Bxh7+ Kxh7 21.
Qh5+ Kg8 22. Qxd5 Nf6 0-1

[Event "30.Schlosspark-Open"]
[Site "Wiesbaden-Biebrich"]
[Date "2018.08.25"]
[Round "5.28"]
[White "Wolff, Michael"]
[Black "Bauer, Claus, Dr."]
[Result "0-1"]
[WhiteElo "2127"]
[BlackElo "1992"]
[PlyCount "81"]
[WhiteElo "1962"]
[BlackElo "2121"]
[WhiteTeam "Ford SF Köln"]
[BlackTeam "SF Mainz"]

1. e4 d6 2. d4 Nf6 3. Nc3 e5 4. Nf3 Nbd7 5. Be2 c6 6. a4 Be7 7. O-O O-O 8. h3
b6 9. Qd3 a6 10. Rd1 Qc7 11. Qe3 Rb8 12. Qg5 Re8 13. Qg3 Nh5 14. Qh2 Nhf6 15.
Qg3 g6 16. dxe5 dxe5 17. Nh4 Nc5 18. Nf5 Ncxe4 19. Nxe7+ Qxe7 20. Nxe4 Nxe4 21.
Qf3 f5 22. Ra3 b5 23. axb5 cxb5 24. c4 b4 25. Rad3 Be6 26. Qe3 Qc5 27. Qxc5
Nxc5 28. Rd6 f4 29. Rc6 Rbc8 30. Rdd6 Rxc6 31. Rxc6 Nb3 32. c5 Nd4 33. Rxe6
Nxe2+ 34. Kf1 Rxe6 35. Kxe2 Rc6 36. Bd2 a5 37. g3 fxg3 38. fxg3 Rxc5 39. b3 Rc2
40. Kd3 Rxd2+ 41. Kxd2 0-1

[Event "30.Schlosspark-Open"]
[Site "Wiesbaden-Biebrich"]
[Date "2018.08.25"]
[Round "5.29"]
[White "Pioch, Thomas"]
[Black "Kuehn, Matthias"]
[Result "1/2-1/2"]
[WhiteElo "2110"]
[BlackElo "1972"]
[PlyCount "75"]
[EventDate "2018.??.??"]
[WhiteTeam "SF Mainz"]
[BlackTeam "SV HÃ¼rth-Berrenrath"]

1. e3 g6 2. d4 Bg7 3. Nf3 d6 4. c4 Nc6 5. Nc3 Nf6 6. Be2 O-O 7. O-O e5 8. d5
Ne7 9. b3 h6 10. Bb2 Nh7 11. Nd2 f5 12. Na4 b6 13. f4 exf4 14. Bxg7 Kxg7 15.
exf4 g5 16. Nf3 Ng6 17. Qd4+ Qf6 18. fxg5 hxg5 19. Qxf6+ Rxf6 20. Nd4 Ne5 21.
Nc3 a6 22. Bd1 Bd7 23. Bc2 Raf8 24. Rae1 Kg6 25. Nf3 Nxf3+ 26. Rxf3 g4 27. Rf2
R8f7 28. Ne2 Kg5 29. Nf4 Nf8 30. g3 Ng6 31. Nxg6 Rxg6 32. Bd3 Rgg7 33. Rfe2 f4
34. gxf4+ Rxf4 35. Re7 Rff7 36. R7e3 Rf4 37. Re7 Rff7 38. R7e3 1/2-1/2

[Event "30.Schlosspark-Open"]
[Site "Wiesbaden-Biebrich"]
[Date "2018.08.25"]
[Round "5.30"]
[White "Scheitz, Michael"]
[Black "Steimbach, Isabel"]
[Result "1-0"]
[WhiteElo "2092"]
[BlackElo "1957"]
[PlyCount "57"]
[EventDate "2018.??.??"]
[WhiteTeam "Wiesbadener SV"]
[BlackTeam "OSG Baden-Baden"]

1. c4 e6 2. Nc3 d5 3. d4 Be7 4. Bf4 Nf6 5. e3 O-O 6. Nf3 b6 7. cxd5 Nxd5 8.
Nxd5 Qxd5 9. a3 Na6 10. Be2 c5 11. Ne5 cxd4 12. Bf3 Qb5 13. Bxa8 dxe3 14. Bf3
Rd8 15. Qe2 Qa5+ 16. Kf1 Nb4 17. Nc4 Qf5 18. axb4 Qxf4 19. Nxe3 Qxb4 20. g3 Bd7
21. Kg2 Bb5 22. Qc2 Bd3 23. Qc3 Qb5 24. Bc6 Qg5 25. h4 Qg6 26. h5 Qh6 27. Rhd1
Bf5 28. Nxf5 exf5 29. Rxd8+ 1-0

[Event "30.Schlosspark-Open"]
[Site "Wiesbaden-Biebrich"]
[Date "2018.08.25"]
[Round "5.31"]
[White "Kobs, Stephan"]
[Black "Marzahn, Heiko"]
[Result "0-1"]
[WhiteElo "1926"]
[BlackElo "2068"]
[PlyCount "66"]
[EventDate "2018.??.??"]
[WhiteTeam "SV Esens"]
[BlackTeam "Sfr. Erbach"]

1. e4 e5 2. Nf3 Nc6 3. Bb5 f5 4. d3 fxe4 5. dxe4 Nf6 6. O-O Bc5 7. Bxc6 bxc6 8.
Nxe5 O-O 9. Nc3 Qe8 10. Nd3 Bd4 11. Ne2 Bb6 12. Nc3 Nxe4 13. Nxe4 Qxe4 14. Re1
Qh4 15. Be3 d6 16. Qd2 Qf6 17. Bxb6 axb6 18. Qe3 Bf5 19. Qe7 Qd4 20. Qe3 Qc4
21. b3 Qxc2 22. Nb4 Qb2 23. Nxc6 Bd7 24. Reb1 Rxa2 25. Ne7+ Kh8 26. Qe1 Qxf2+
27. Qxf2 Raxf2 28. Rc1 Bb5 29. Nd5 Bd3 30. h3 Be4 31. Ne3 d5 32. Rf1 Rxf1+ 33.
Nxf1 c5 0-1

[Event "30.Schlosspark-Open"]
[Site "Wiesbaden-Biebrich"]
[Date "2018.08.25"]
[Round "5.32"]
[White "Davidov, Georgi"]
[Black "Seickel, Ralf"]
[Result "1/2-1/2"]
[WhiteElo "1945"]
[BlackElo "2050"]
[PlyCount "66"]
[EventDate "2018.??.??"]
[WhiteTeam "SC Rotenburg"]
[BlackTeam "vereinslos"]

1. e4 c5 2. Nc3 d6 3. Bb5+ Nc6 4. Bxc6+ bxc6 5. f4 g6 6. Nf3 Bg7 7. O-O Nf6 8.
d3 O-O 9. Qe1 e6 10. e5 dxe5 11. fxe5 Nd7 12. Bg5 Qb6 13. Na4 Qb4 14. b3 Nxe5
15. Nxe5 Qd4+ 16. Be3 Qxe5 17. Rd1 Rd8 18. Bxc5 f5 19. Qa5 Bd7 20. Rfe1 Qb8 21.
c4 Qf4 22. Be3 Qg4 23. h3 Qg3 24. Bf2 Qg5 25. d4 Qf4 26. Be3 Qb8 27. Bg5 Re8
28. Nc5 Qd6 29. Be3 Bf6 30. Nb7 Qb8 31. Nc5 Qd6 32. Nb7 Qb8 33. Nc5 Qd6 1/2-1/2

[Event "30.Schlosspark-Open"]
[Site "Wiesbaden-Biebrich"]
[Date "2018.08.25"]
[Round "5.33"]
[White "Krischak, Werner"]
[Black "Belz, Frank-Martin"]
[Result "1-0"]
[WhiteElo "1730"]
[BlackElo "2041"]
[PlyCount "39"]
[EventDate "2018.??.??"]
[WhiteTeam "SK Marburg"]
[BlackTeam "SK Freising"]

1. d4 d5 2. c4 c6 3. Nf3 Nf6 4. Nc3 dxc4 5. a4 Bf5 6. e3 e6 7. Bxc4 Bb4 8. O-O
O-O 9. Bd2 Nbd7 10. Nh4 c5 11. Nxf5 exf5 12. Qf3 cxd4 13. exd4 Nb6 14. Bb3 Qxd4
15. Be3 Qh4 16. Qxf5 Rac8 17. Rac1 Qg4 18. Qb5 Nc4 19. h3 a6 20. Qxb4 1-0

[Event "30.Schlosspark-Open"]
[Site "Wiesbaden-Biebrich"]
[Date "2018.08.25"]
[Round "5.34"]
[White "Guelsen, Taylan"]
[Black "Kumar, Amod"]
[Result "1-0"]
[WhiteElo "2207"]
[BlackElo "1745"]
[PlyCount "149"]
[EventDate "2018.??.??"]
[WhiteTeam "SG Niederkassel"]
[BlackTeam "SSV Rotation Berlin"]

1. d4 c6 2. c4 g6 3. Nc3 Bg7 4. e4 d6 5. Be3 Nd7 6. Nf3 a6 7. a4 c5 8. Qd2 cxd4
9. Bxd4 Bxd4 10. Qxd4 Ngf6 11. Nd5 O-O 12. Nxf6+ Nxf6 13. b4 Nd7 14. a5 Qc7 15.
Be2 Nb8 16. O-O Nc6 17. Qd2 Bg4 18. Rfc1 Bxf3 19. Bxf3 e5 20. Bd1 Nd4 21. Ra3
Qe7 22. Rh3 Qf6 23. Rcc3 Rfd8 24. Rh6 Kg7 25. Rch3 Rh8 26. R6h4 Rac8 27. Qh6+
Kg8 28. Rc3 Ne6 29. Bg4 Rc7 30. Bxe6 Qxe6 31. Qc1 Qf6 32. Rhh3 Qf4 33. Qxf4
exf4 34. Rhd3 Kf8 35. Rxd6 Ke7 36. Rd4 Ke6 37. Kf1 Ke5 38. Rd5+ Ke6 39. Ke2 f6
40. Kd3 Rcc8 41. Kd4 h5 42. c5 Rc6 43. h4 Rg8 44. e5 Rf8 45. exf6 Rxf6 46. Re5+
Kd7 47. Rf3 Rce6 48. Rxe6 Rxe6 49. Rxf4 Re2 50. g3 Rb2 51. Rf7+ Kc6 52. Rf6+
Kc7 53. Rxg6 Rxf2 54. Rg5 Rf3 55. Kd5 Rd3+ 56. Kc4 Rf3 57. b5 axb5+ 58. Kxb5
Rb3+ 59. Kc4 Ra3 60. Kb4 Rd3 61. Kc4 Ra3 62. Kd4 Kc6 63. Rg6+ Kb5 64. Rb6+ Kxa5
65. Rxb7 Rxg3 66. c6 Ka6 67. Rb2 Rg1 68. Kc5 Rc1+ 69. Kd6 Rd1+ 70. Kc7 Rd3 71.
Re2 Rd4 72. Ra2+ Kb5 73. Kb7 Rxh4 74. c7 Rc4 75. c8=Q 1-0